Proyecto GEM-REM Cataluña 2005 : análisis de la situación de la actividad emprendedora y las nuevas empresas en la provincia de Barcelona / David Urbano ; coordinació: Institut d'Estudis Regionals i Metropolitans de Barcelona análisis de la situación de la actividad emprendedora y las nuevas empresas en la provincia de Barcelona / David Urbano ; coordinació:
Publicado:
Barcelona :
Diputació de Barcelona. Àrea de Promoció Econòmica i Ocupació. Servei de Dinamització del Teixit Productiu Local ,
2005
Descripción Física:
[20] p. : gràf. ; 30 cm
MARC
| LEADER | 00000nam a2200000Ia 4500 | ||
|---|---|---|---|
| 001 | 20860 | ||
| 003 | BGR | ||
| 005 | 20260324175801.0 | ||
| 008 | 160829s2005 xx 000 0 cat d | ||
| 080 | |a FU-20-30 | ||
| 100 | |a Urbano, David |9 1894 | ||
| 245 | |a Proyecto GEM-REM Cataluña 2005 : |b análisis de la situación de la actividad emprendedora y las nuevas empresas en la provincia de Barcelona / David Urbano ; coordinació: |b Institut d'Estudis Regionals i Metropolitans de Barcelona | ||
| 260 | |a Barcelona : |b Diputació de Barcelona. Àrea de Promoció Econòmica i Ocupació. Servei de Dinamització del Teixit Productiu Local, |c 2005 | ||
| 300 | |a [20] p. : |b gràf. ; |c 30 cm | ||
| 590 | |a Bibliografia | ||
| 650 | |a Empreses petites i mitjanes |x Barcelona (Província) |9 41195 | ||
| 650 | 0 | |a Empreses |x Creació |z Barcelona (Província) |9 43924 | |
| 650 | 0 | |a Emprenedoria |z Barcelona (Província) |9 42258 | |
| 650 | |a Projecte GEM |9 41198 | ||
| 710 | |a Institut d'Estudis Regionals i Metropolitans de Barcelona |4 coord. |9 17648 | ||
| 710 | 1 | |a Barcelona (Catalunya : Província). |b Diputació |b Servei de Dinamització del Teixit Productiu Local |9 52408 | |
| 901 | |a Arxiu | ||
| 942 | |n 1 |2 udc |c MON | ||
| 952 | |0 0 |1 0 |4 0 |6 FU2030 |7 1 |9 50082 |a Arxiu |b Arxiu |d 2016-12-01 |l 0 |o FU-20-30 |p 20860 |r 2016-12-01 00:00:00 |w 2016-12-01 |y ARXIU | ||
| 999 | |c 53924 |d 53924 | ||